Windows 95 : (رقم التسجيلة. 180136)
[ عرض عادي ]
| 000 -LEADER | |
|---|---|
| fixed length control field | 01509namaa22003852i 4500 |
| 001 - CONTROL NUMBER | |
| control field | 2582568 |
| 003 - CONTROL NUMBER IDENTIFIER | |
| control field | EG-GICUC |
| 005 - DATE AND TIME OF LATEST TRANSACTION | |
| control field | 20260513155825.0 |
| 008 - FIXED-LENGTH DATA ELEMENTS--GENERAL INFORMATION | |
| fixed length control field | 960517s1996 inua jr 001 0 eng d |
| 020 ## - INTERNATIONAL STANDARD BOOK NUMBER | |
| International Standard Book Number | 0789707446 |
| 020 ## - INTERNATIONAL STANDARD BOOK NUMBER | |
| International Standard Book Number | 9780789707444 |
| 040 ## - CATALOGING SOURCE | |
| Original cataloging agency | TxHMC |
| Transcribing agency | TxHMC |
| Modifying agency | IRoRVC |
| -- | DLC |
| -- | EG-GICUC |
| Language of cataloging | eng |
| Description conventions | rda |
| 082 00 - DEWEY DECIMAL CLASSIFICATION NUMBER | |
| Classification number | 005.4/469 |
| Edition number | 21 |
| Item number | B583 |
| 092 04 - LOCALLY ASSIGNED DEWEY CALL NUMBER (OCLC) | |
| Edition number | 21 |
| Classification number | 005.4/469 |
| Item number | B583 |
| 099 ## - LOCAL FREE-TEXT CALL NUMBER (OCLC) | |
| Classification number | 005.4/469 B583 |
| 100 1# - MAIN ENTRY--PERSONAL NAME | |
| Personal name | Blakely, James M. |
| Relator term | مؤلف. |
| 245 10 - TITLE STATEMENT | |
| Title | Windows 95 : |
| Remainder of title | Microsoft certified professional guide / |
| Statement of responsibility, etc. | James M. Blakely with Carmen M. Rodero. |
| 246 14 - VARYING FORM OF TITLE | |
| Title proper/short title | Windows 95 exam guide |
| 264 ## - PRODUCTION, PUBLICATION, DISTRIBUTION, MANUFACTURE, AND COPYRIGHT NOTICE | |
| Place of production, publication, distribution, manufacture | Indianapolis, Ind. : |
| Name of producer, publisher, distributor, manufacturer | Que, ; |
| Date of production, publication, distribution, manufacture, or copyright notice | c1996. |
| 300 ## - PHYSICAL DESCRIPTION | |
| Extent | xxxviii, 844 p. : |
| Other physical details | illustration; |
| Dimensions | 24 cm. + |
| Accompanying material | 1 computer laser optical disc (4 3/4 in.) |
| 336 ## - CONTENT TYPE | |
| Content type term | text |
| Content type code | txt |
| Source | rdacontent |
| 337 ## - MEDIA TYPE | |
| Media type term | unmediated |
| Media type code | n |
| Source | rdamedia |
| 338 ## - CARRIER TYPE | |
| Carrier type term | volume |
| Carrier type code | nc |
| Source | rdacarrier |
| 500 ## - GENERAL NOTE | |
| General note | Includes index. |
| 504 ## - BIBLIOGRAPHY, ETC. NOTE | |
| Bibliography, etc. note | Bibliography: pages 507-842. |
| 538 ## - SYSTEM DETAILS NOTE | |
| System details note | System requirements : IBM-compatible PC I386, Microsoft DOS 5.0, Micorsoft Windows 3.x, 4 M of RAM 256-color display adapter, Double-Speed CD-ROM drive. |
| 541 ## - IMMEDIATE SOURCE OF ACQUISITION NOTE | |
| Source of acquisition | وزارة الثقافة ؛ |
| Address | القاهرة ؛ |
| Method of acquisition | إهداء ؛ |
| Date of acquisition | 2023. |
| 630 00 - SUBJECT ADDED ENTRY--UNIFORM TITLE | |
| Uniform title | Microsoft Windows (Computer file) |
| 650 00 - SUBJECT ADDED ENTRY--TOPICAL TERM | |
| Topical term or geographic name entry element | Electronic data processing personnel |
| General subdivision | Certification. |
| Source of heading or term | qrmak |
| 650 #0 - SUBJECT ADDED ENTRY--TOPICAL TERM | |
| Topical term or geographic name entry element | Microsoft software |
| General subdivision | Study and teaching. |
| Source of heading or term | qrmak |
| 651 1# - SUBJECT ADDED ENTRY--GEOGRAPHIC NAME | |
| Source of heading or term | qrmak |
| 700 1# - ADDED ENTRY--PERSONAL NAME | |
| Personal name | Rodero, Carmen M. |
| Relator term | Author. |
| 905 ## - Cataloger and Reviser Names | |
| Cataloger Name | Samah |
| 942 ## - ADDED ENTRY ELEMENTS (KOHA) | |
| Source of classification or shelving scheme | Dewey Decimal Classification |
| Koha item type | Books |
| Edition | 21 |
| Suppress in OPAC | No |
| Withdrawn status | Lost status | Source of classification or shelving scheme | Damaged status | Not for loan | Home library | Current library | Date acquired | Inventory number | Total checkouts | Full call number | Barcode | Date last seen | Price effective from | Koha item type |
|---|---|---|---|---|---|---|---|---|---|---|---|---|---|---|
| Dewey Decimal Classification | Not for loan | مكتبة جامعة القاهرة الاهلية | قاعة الهندسة | 13.05.2026 | 16 | 005.4/469 B583 | 02010001600000 | 13.05.2026 | 13.05.2026 | Books |